| 000 | 00000nam 2200000zi 4500 |
| 001 | 9.908172 |
| 003 | CaOODSP |
| 005 | 20240131134826 |
| 006 | m o d f |
| 007 | cr ||||||||||| |
| 008 | 220216e202312##oncb o f00| 0 fre d |
| 020 | |a9780660421032 |
| 040 | |aCaOODSP|bfre|erda|cCaOODSP |
| 043 | |an-cn--- |
| 086 | 1 |aT29-169/2023F-PDF |
| 245 | 00|aModifications canadiennes pour le Règlement sur la construction et l'équipement des bâtiments. |
| 250 | |aPremière édition. |
| 264 | 1|a[Ottawa] : |bTransports Canada = Transport Canada, |cdécembre 2023. |
| 264 | 4|c©2023 |
| 300 | |a1 ressource en ligne (vii, 57 pages) : |bcarte |
| 336 | |atexte|btxt|2rdacontent/fre |
| 337 | |ainformatique|bc|2rdamedia/fre |
| 338 | |aressource en ligne|bcr|2rdacarrier/fre |
| 500 | |aPublié aussi en anglais sous le titre : Canadian modifications for the Vessel Construction and Equipment Regulations. |
| 650 | 6|aConstruction navale|xSécurité|xRèglements|zCanada. |
| 650 | 6|aConstruction navale|zCanada|xAppareils et matériel. |
| 710 | 1 |aCanada. |bTransports Canada, |eorganisme de publication. |
| 775 | 08|tCanadian modifications for the Vessel Construction and Equipment Regulations.|w(CaOODSP)9.908169 |
| 856 | 40|qPDF|s1.10 Mo|uhttps://publications.gc.ca/collections/collection_2024/tc/T29-169-2023-fra.pdf |
| 856 | 4 |qHTML|sS.O.|uhttps://tc.canada.ca/fr/transport-maritime/securite-maritime/publications-relatives-securite-maritime/tp-15415-modifications-canadiennes-reglement-construction-equipement-batiments |
| 986 | |aTP 15415 F |